| 000 | 00565nam a2200193 a 4500 | ||
|---|---|---|---|
| 005 | 20140310183533.0 | ||
| 008 | 110928s19uu xx 00 eng d | ||
| 020 | _a9789712720420 | ||
| 050 |
_aPL 6058.6 _b.Al444 2008 |
||
| 100 | _aAlma, Rio | ||
| 245 |
_aMga biyahe, mga estasyon = Journeys, junctions / _cRio Alma. |
||
| 260 |
_aPasig City : _bAnvil, _c2008. |
||
| 300 |
_a195 p. : _c21 cm. |
||
| 650 | _aFilipino poetry. | ||
| 650 | _aPhilippines poetry (English). | ||
| 700 | _atranslated by Marne L. Kilates. | ||
| 942 |
_cBK _2lcc _kFLIR |
||
| 999 |
_c24668 _d24668 |
||